Granny Torrelli Makes Soup / (Record no. 5399)

MARC details
000 -LEADER
fixed length control field 00994nam a22003017a 4500
001 - CONTROL NUMBER
control field 5399
003 - CONTROL NUMBER IDENTIFIER
control field FISKH
005 - DATE AND TIME OF LATEST TRANSACTION
control field 20241203100929.0
008 - FIXED-LENGTH DATA ELEMENTS--GENERAL INFORMATION
fixed length control field 241203b cb ||||| |||| 00| 0 eng d
020 ## - INTERNATIONAL STANDARD BOOK NUMBER
International Standard Book Number 9780439649315
040 ## - CATALOGING SOURCE
Original cataloging agency FISKH
Language of cataloging eng
Transcribing agency FISKH
Modifying agency FISKH
050 ## - LIBRARY OF CONGRESS CALL NUMBER
Classification number PZ7.C8615
082 ## - DEWEY DECIMAL CLASSIFICATION NUMBER
Classification number 813.54
100 ## - MAIN ENTRY--PERSONAL NAME
Personal name Creech, Sharon
245 ## - TITLE STATEMENT
Title Granny Torrelli Makes Soup /
Statement of responsibility, etc. by Sharon Creech
250 ## - EDITION STATEMENT
Edition statement First Scholastic paperback printing, February 2005
260 ## - PUBLICATION, DISTRIBUTION, ETC.
Place of publication, distribution, etc. New York :
Name of publisher, distributor, etc. Scholastic ;
Date of publication, distribution, etc. 2003.
300 ## - PHYSICAL DESCRIPTION
Extent 141 pages :
Other physical details illustrations ;
Dimensions 20 cm .
505 ## - FORMATTED CONTENTS NOTE
Formatted contents note T <br/>
520 ## - SUMMARY, ETC.
Summary, etc. With the help of her wise old grandmother, twelve-year-old Rosie manages to work out some problems in her relationship with her best friend, Bailey, the boy next door.
521 8# - TARGET AUDIENCE NOTE
Target audience note 810 <br/>
Source Lexile <br/>
521 8# - TARGET AUDIENCE NOTE
Target audience note T <br/>
Source Raz-Plus <br/>
650 ## - SUBJECT ADDED ENTRY--TOPICAL TERM
Topical term or geographic name entry element disabilities
Form subdivision Fiction
650 ## - SUBJECT ADDED ENTRY--TOPICAL TERM
Topical term or geographic name entry element grandmothers
Form subdivision Fiction
700 ## - ADDED ENTRY--PERSONAL NAME
Personal name Racshka, Chris
Relator term artist
942 ## - ADDED ENTRY ELEMENTS (KOHA)
Source of classification or shelving scheme Dewey Decimal Classification
Koha item type Books
Suppress in OPAC No
Holdings
Withdrawn status Lost status Source of classification or shelving scheme Damaged status Not for loan Collection Home library Current library Shelving location Date acquired Total Checkouts Full call number Barcode Date last seen Price effective from Koha item type
    Dewey Decimal Classification     Fiction Footprints International School Library Network Toul Kork Campus Footprints International School Library Network Toul Kork Campus TTP Secondary Fiction Bookshelves 12/03/2024   CRE 813.54 PZ7.C8615 FISO1041 12/03/2024 12/03/2024 Books